Statistics for World Rugby Player of the Year by Year

Click here to take the quiz!

General Stats

  • This quiz has been taken 30 times
    (14 since last reset)
  • The average score is 13 of 22

Answer Stats

YearNationalityPlayers% Correct
2012New ZealandDan Carter
91%
2015New ZealandDan Carter
91%
2005New ZealandDan Carter
91%
2006New ZealandRichie McCaw
91%
2009New ZealandRichie McCaw
91%
2010New ZealandRichie McCaw
91%
2017New ZealandBeauden Barrett
73%
2016New ZealandBeauden Barrett
73%
2003EnglandJonny Wilkinson
73%
2018IrelandJonathan Sexton
64%
2007South AfricaBryan Habana
55%
2020N/AN/A
55%
2008WalesShane Williams
55%
2021FranceAntoine Dupont
45%
2001IrelandKeith Wood
45%
2002FranceFabien Galthié
36%
2022IrelandJosh van der Flier
36%
2019South AfricaPieter-Steph du Toit
36%
2004South AfricaSchalk Burger
36%
2013New ZealandKieran Read
27%
2011FranceThierry Dusautoir
27%
2014New ZealandBrodie Retalick
18%

Score Distribution

Percentile by Number Answered

Percent of People with Each Score

Your Score History

You have not taken this quiz since the last reset